000 00702cam a22002533a 4500
001 26465
003 PGUSA
005 20140828083554.0
008 080901s2008||||xxu|||||s|||||000 1 eng d
040 _aPGUSA
_beng
042 _adc
050 4 _aPS
100 1 _aStratton-Porter, Gene,
_d1863-1924
245 1 4 _aThe Harvester
_h[electronic resource] /
_cGene Stratton-Porter
260 _bProject Gutenberg,
_c2008
506 _aPublic domain in the USA.
516 _aElectronic text
653 _aDidactic fiction
653 _aHerbalists -- Fiction
653 _aIndiana -- Fiction
830 0 _aProject Gutenberg
_v26465
856 4 0 _uhttp://www.gutenberg.org/ebooks/26465
942 _cEB
999 _c255720
_d255720